<?xml version="1.0" encoding="UTF-8"?>
<record
    xmlns:xsi="http://www.w3.org/2001/XMLSchema-instance"
    xsi:schemaLocation="http://www.loc.gov/MARC21/slim http://www.loc.gov/standards/marcxml/schema/MARC21slim.xsd"
    xmlns="http://www.loc.gov/MARC21/slim">

  <leader>01505nam a22002177a 4500</leader>
  <controlfield tag="005">20250315101124.0</controlfield>
  <controlfield tag="008">250315b           ||||| |||| 00| 0 eng d</controlfield>
  <datafield tag="020" ind1=" " ind2=" ">
    <subfield code="a">9781032702230</subfield>
  </datafield>
  <datafield tag="040" ind1=" " ind2=" ">
    <subfield code="c">AIMIT LIBRARY</subfield>
  </datafield>
  <datafield tag="082" ind1=" " ind2=" ">
    <subfield code="a">658.804</subfield>
    <subfield code="b">TORD</subfield>
  </datafield>
  <datafield tag="100" ind1=" " ind2=" ">
    <subfield code="a">Torres, Edwin N.</subfield>
    <subfield code="e">Author</subfield>
    <subfield code="9">206523</subfield>
  </datafield>
  <datafield tag="245" ind1=" " ind2=" ">
    <subfield code="a">Customer service marketing :</subfield>
    <subfield code="b">managing the customer experience /</subfield>
    <subfield code="c">By Edwin N. Torres and Tingting zhang.</subfield>
  </datafield>
  <datafield tag="260" ind1=" " ind2=" ">
    <subfield code="a">London and New York :</subfield>
    <subfield code="b">Routledge ,</subfield>
    <subfield code="c">2024.</subfield>
  </datafield>
  <datafield tag="300" ind1=" " ind2=" ">
    <subfield code="a">x,277p. ;</subfield>
    <subfield code="b">PB</subfield>
    <subfield code="c">24cm</subfield>
  </datafield>
  <datafield tag="500" ind1=" " ind2=" ">
    <subfield code="a">This timely book is a comprehensive overview of customer service principles, theories, and practices. It looks at the best practices of service enterprises and the delivery of superior customer service. It also includes classic and contemporary theories relating to the consumers, managers, and their behaviors in organizational setting. The book uses real-life applications through examples from business enterprises in various service sectors, including hotels, restaurants, theme parks, event management, airlines, cruises, (e-)retailers, and finance.

This book covers important concepts in service design and delivery including customer experiences, peer-to-peer services, the organization&#x2019;s servicescape, quality measurement tools, and use of technologies. The book also gives insig...</subfield>
  </datafield>
  <datafield tag="650" ind1=" " ind2=" ">
    <subfield code="a">Customer service</subfield>
    <subfield code="9">206524</subfield>
  </datafield>
  <datafield tag="650" ind1=" " ind2=" ">
    <subfield code="a">Service Technology</subfield>
    <subfield code="9">206525</subfield>
  </datafield>
  <datafield tag="650" ind1=" " ind2=" ">
    <subfield code="a">Service Innovation.</subfield>
    <subfield code="9">206526</subfield>
  </datafield>
  <datafield tag="700" ind1=" " ind2=" ">
    <subfield code="a">Zhang, Tingting</subfield>
    <subfield code="e">Author</subfield>
    <subfield code="9">206527</subfield>
  </datafield>
  <datafield tag="942" ind1=" " ind2=" ">
    <subfield code="2">ddc</subfield>
    <subfield code="c">BK</subfield>
  </datafield>
  <datafield tag="999" ind1=" " ind2=" ">
    <subfield code="c">233954</subfield>
    <subfield code="d">233954</subfield>
  </datafield>
  <datafield tag="952" ind1=" " ind2=" ">
    <subfield code="0">0</subfield>
    <subfield code="1">0</subfield>
    <subfield code="2">ddc</subfield>
    <subfield code="4">0</subfield>
    <subfield code="7">0</subfield>
    <subfield code="8">MBA</subfield>
    <subfield code="a">AIMIT</subfield>
    <subfield code="b">AIMIT</subfield>
    <subfield code="c">MKG</subfield>
    <subfield code="d">2025-03-11</subfield>
    <subfield code="e">Biblios book point</subfield>
    <subfield code="g">1295.00</subfield>
    <subfield code="i">Bill no:7073;Bill dt:2025-02-28</subfield>
    <subfield code="l">0</subfield>
    <subfield code="o">658.804 TORD</subfield>
    <subfield code="p">MBA14809</subfield>
    <subfield code="r">2025-07-21 00:00:00</subfield>
    <subfield code="v">1010.10</subfield>
    <subfield code="w">2025-03-15</subfield>
    <subfield code="y">BK</subfield>
  </datafield>
</record>
